Loreto College Library, Kolkata
WEBOPAC (ONLINE PUBLIC ACCESS CATALOGUE)

An Introduction to rural geography (Record no. 1481)

MARC details
000 -LEADER
fixed length control field 00629nam a2200217Ia 4500
005 - DATE AND TIME OF LATEST TRANSACTION
control field 20220712142927.0
008 - FIXED-LENGTH DATA ELEMENTS--GENERAL INFORMATION
fixed length control field 131103s9999 xx 000 0 und d
020 ## - ISBN | অাই এস বি এন
ISBN | অাই এস বি এন 0 7131 6430 1
PRICE pds 8.95
040 ## - CATALOGING SOURCE
Original cataloging agency Loreto College
041 ## - LANGUAGE CODE
Language code English
082 ## - DDC | ডিউই
Classification number | বর্গসংখ্যা 307.72
Book Number | গ্রন্থাঙ্ক GIL
100 ## - MAIN ENTRY--PERSONAL NAME | মুখ্য সংলেখ - ব্যাক্তিনাম
Personal name | ব্যাক্তিনাম Gilg,Andrew W.
245 #3 - TITLE STATEMENT | অাখ্যা বিবরণী
Title | অাখ্যা An Introduction to rural geography
Statement of responsibility | লেখকের দায়িত্বের বিবরণ Andrew W. Gilg
260 ## - IMPRINT | প্রকাশনা ক্ষেত্র
Place of publication | প্রকাশ স্থান London
Name of publisher | প্রকাশকের নাম Edward Arnold
Date of publication | প্রকাশ কাল 1985
300 ## - PHYSICAL DESCRIPTION |
Page / Vol. No | পৃষ্ঠা / খন্ড সংখ্যা xii, 210p
Other physical details | অনান্য বাহ্যিক বিবরণ ill. figures
504 ## - BIBLIOGRAPHY, ETC. NOTE
Bibliography, etc Reprinted 1989
650 ## - SUBJECT ADDED ENTRY--TOPICAL TERM | বিষয় শিরোনাম - মূল বিষয়
Topical term | মূল বিষয় Communities -
651 ## - SUBJECT ADDED ENTRY--GEOGRAPHIC NAME | বিষয় শিরোনাম - ভৌগলিক নাম
Geographic name | ভৌগলিক বিষয় Communities - Specific kinds of communities - Rural communities -
850 ## - HOLDING INSTITUTION
Holding institution LCLIB
942 ## - ADDED ENTRY ELEMENTS (KOHA)
Koha item type Books
Holdings
Withdrawn status Lost status Source of classification Damaged status Not for loan Home library Current library Date acquired Total Checkouts Full call number Accession No. Date last seen Date checked out Price effective from Koha item type Coded location qualifier
    Dewey Decimal Classification     Loreto College Loreto College 04/11/2013 2 307.72 GIL 35980 B2114 12/12/2022 07/12/2022 04/11/2013 Books